000 01330cam a2200313 i 4500
001 21578754
003 AUA.1
005 20251121080728.0
008 200623s2020 idu 000 0 eng
010 _a 2020028652
020 _a9780816366651
_q(pbk.)
020 _z9780816366668
_q(kindle edition)
035 _a21578754
040 _aDLC
_beng
_erda
_cDLC
_dDLC
042 _apcc
050 0 0 _aBV125
_b.D286 2020
082 0 0 _a263/.2
_223
100 1 _aDavidson, Jo Ann,
_eauthor.
245 1 0 _aRediscovering the glory of the Sabbath /
_cJo Ann Davidson.
260 _aNampa, ID :
_bPacific Press Publishing Association;
_cc2020.
300 _a224 pages ;
_c23 cm
520 _a"An exploration of the history of the Sabbath revealing it as God's invitation to blessing and delight"--
610 2 0 _aGeneral Conference of Seventh-Day Adventists
_xDoctrines.
_941805
650 0 _aSabbath.
776 0 8 _iOnline version:
_aDavidson, Jo Ann,
_tThe Sabbath
_dNampa, Idaho : Pacific Press Publishing Association, 2020.
_z9780816366668
_w(DLC) 2020028653
906 _a7
_bcbc
_corignew
_d1
_eecip
_f20
_gy-gencatlg
942 _2lcc
_cBOOK
_hBV 125
_i.D286 2020
999 _c25275
_d25275